Géographie Mondiale - Statistiques

Statistiques générales
  • Ce quiz a été pris 351 fois
  • Le résultat moyen est 11 sur 15
Statistiques - réponses
Hint Réponse % Correct
Plus long fleuve d'Afrique Le Nil
98%
Capitale de la Bulgarie Sofia
98%
Plus haut sommet d'Europe Mont Elbrouz
96%
Ville des États-Unis Washington D.C
91%
J'appartiens au Danemark Le Groenland
86%
Désert le plus sec au monde Désert d'Atacama
82%
Désert le plus chaud au monde Désert du Sahara
80%
J'ai beau être petit en terme de superficie,mon pays est considéré comme Monarchie Absolue en Europe Vatican
80%
Se situe près de la Chine Mer Jaune
74%
Je suis un pays semi-enclavé face à la Méditerranée Monaco
74%
Seul pays dont la capitale commence par la lettre Q Équateur
70%
Je suis le plus récent pays du monde à ce jour,après mon indépendance Soudan du Sud
70%
Je suis une région européenne,et pourtant le pays dans lequel je me trouve appelle ses habitants comme ceux de cette même région. Hollande
69%
Je ne possède aucun cours d'eau sur mon territoire Arabie Saoudite
42%
Plus grand désert au monde Antarctique
31%
Aucun quiz correspondant
Distribution des résultats
% des personnes avec chaque résultat
Percentile par nombre de réponses
Votre historique - résultats
Vous n’avez pas pris ce quiz